The Challenges of Religious Literacy (Record no. 23028)

MARC details
000 -LEADER
fixed length control field 00956nam a2200121Ia 4500
008 - FIXED-LENGTH DATA ELEMENTS--GENERAL INFORMATION
fixed length control field 220620s9999||||xx |||||||||||||| ||und||
245 #4 - TITLE STATEMENT
Title The Challenges of Religious Literacy
Remainder of title The Case of Finland
546 ## - LANGUAGE NOTE
Language note English[eng]
650 ## - SUBJECT ADDED ENTRY--TOPICAL TERM
Topical term or geographic name entry element Social Aspects of Religion||Religion and Education||Sociology of Religion||Popular Science in Religious Studies||Migration||Religion||Biotechnology||Religious Literacy||Religious Diversity||Multilevel Governance of Religions||Islam in Europe||Secular Society||Religion and the Media||Nordic Welfare Society||Religious Minorities||Religions in Finland||Open Access||Religious issues & debates||Faith (religious) schools||Religion & beliefs||Sociology & anthropology||Religion: general||Migration, immigration & emigration
700 ## - ADDED ENTRY--PERSONAL NAME
Personal name Sakaranaho, Tuula||Aarrevaara, Timo||Konttori, Johanna
856 ## - ELECTRONIC LOCATION AND ACCESS
Uniform Resource Identifier <a href="https://library.oapen.org/bitstream/20.500.12657/41287/1/2020_Book_TheChallengesOfReligiousLitera.pdf">https://library.oapen.org/bitstream/20.500.12657/41287/1/2020_Book_TheChallengesOfReligiousLitera.pdf</a>
942 ## - ADDED ENTRY ELEMENTS (KOHA)
Koha item type E-Books
Holdings
Withdrawn status Lost status Damaged status Not for loan Home library Current library Date acquired Total Checkouts Date last seen Price effective from Koha item type
        Kerala University of Digital Sciences, Innovation and Technology Knowledge Centre Kerala University of Digital Sciences, Innovation and Technology Knowledge Centre 20/06/2022   20/06/2022 20/06/2022 E-Books